000 00276nam a2200121 a 4500
001 4140
005 20140414132022.0
008 090218s19uu xx 00 eng d
050 _aTR
_bJ98 2000
100 _aStamper, Judith Bauer
245 _aJust in time.
999 _c113489
_d113489